000 00653cab a2200241 4500
001 X1835
008 090401t1995 xxu||||| |||| 00| 0 eng d
035 _a(Sirsi) u19791
041 _aeng
245 _aRICS input into commercial leases code of practice
260 _c1995
350 _a0
490 _aCSM (Chartered Surveyor Monthly)
_v4(3) January 1995, 17(1)
650 _aBUSINESS TENANCIES
650 _aCODE OF PRACTICE
650 _aCOMMERCIAL LEASES
650 _aREPRESENTATION
650 _aRICS
650 _aUPWARD ONLY RENT REVIEWS
690 _aLANDLORD AND TENANT-BUSINESS TENANCIES
942 _n0
948 _c04/03/1997
999 _c13249
_d13249